000 00498nam a2200181Ia 4500
008 090124s9999 xx 000 0 und d
082 _b111250
100 _aखानोलकर चि.त्र्यं.
245 _a अजगर
250 _a1
260 _c1965
300 _a112
600 _aखानोलकर चि.त्र्यं.
630 _a अजगर
700 _aखानोलकर चि.त्र्यं.
730 _a अजगर
942 _cBOOK
999 _c157341
_d157341